[Rezension von: Aleksander Jankowski, Średniowieczne malarstwo ścienne na Śla̜sku u progu reformacji]

Titel: [Rezension von: Aleksander Jankowski, Średniowieczne malarstwo ścienne na Śla̜sku u progu reformacji] / ks. Zdzisław Kliś
Verfasser:
In: Biuletyn historii sztuki,
alle Artikel anzeigen
Veröffentlicht: Warszawa : Instytut Sztuki PAN, 2007
Format: Aufsatz
Sprache: Polnisch
Schlagworte:
Vorliegende Ausgabe: Online-Ausgabe Heidelberg: Universitätsbibliothek Heidelberg, 2017.
Kein Bild verfügbar
X
alg: 47269107
001A    $06055:21-11-20 
001B    $01999:23-11-20 $t22:43:42.000 
001D    $06055:21-11-20 
001U    $0utf8 
001X    $00 
002@    $0Oox 
002C    $aText $btxt $2rdacontent 
002D    $aComputermedien $bc $2rdamedia 
002E    $aOnline-Ressource $bcr $2rdacarrier 
003@    $0472691074 
004P    $010.11588/diglit.35031.39 $SV98 
004U    $0urn:nbn:de:bsz:16-diglit-350312 $SV98 
007A    $0472691074 $aHEB 
007I    $0HHB-491067933 
007I    $0HHB-1561067938 
009Q    $SV98 $uhttps://digi.ub.uni-heidelberg.de/diglit/bhs2007/0337 $xH 
010@    $apol 
011@    $a2007 
011B    $a2017 
013D    $#Newspapers Sections, columns, etc. Reviews $#Book reviewing $#Journaux Cahiers, chroniques, etc. Comptes rendus $#Livres Recension $#Rezension $#Buchbesprechung $#Buchrezension $#Buchkritik $74049712-4 $8Rezension [Ts1] $9085138568 
021A    $a[Rezension von: Aleksander Jankowski, Średniowieczne malarstwo ścienne na Śla̜sku u progu reformacji] $hks. Zdzisław Kliś 
028A    $7140952209 $8Kliś, Zdzisław$Z1955-2009 [Tp1] $9222228180 
033A    $pWarszawa $nInstytut Sztuki PAN 
033N    $pHeidelberg $nUniversitätsbibliothek Heidelberg 
037A    $aElektronische Reproduktion der Druckausgabe 
037A    $aEnthalten in: 69(2007), Seite 329-332 
037G    $aOnline-Ausgabe 
039B    $aEnthalten in $8--Obvc--. Biuletyn historii sztuki. - Warszawa : [Verlag nicht ermittelbar], 1950-2018. - DOI 10.11588/diglit.34474. - urn:nbn:de:bsz:16-diglit-344741 $9403709342 
039T    $aRezension von $tŚredniowieczne malarstwo ścienne na Śla̜sku u progu reformacji $dBydgoszcz $eWydawn. Uniwersytetu Kazimierza Wielkoego w Bydgoszczy $f2005 $h443 S $z83-7096-568-7 $lJankowski, Aleksander 
045T    $aKUNST $qDE-16 $2FID 

lok: 47269107 3

exp: 47269107 3 1 #EPN
201B/01 $022-11-20 $t22:15:33.259 
201C/01 $022-11-20 
201U/01 $0utf8 
203@/01 $01131051866 
204P/01 $010.11588/diglit.35031.39 $SV98 
208@/01 $a22-11-20 $bl 

lok: 47269107 78

exp: 47269107 78 1 #EPN
201B/01 $024-02-25 $t16:34:10.000 
201C/01 $024-02-25 
201U/01 $0utf8 
203@/01 $01294087916 
208@/01 $a24-02-25 $be 
209A/01 $a/ $f000 $x00 
209A/01 $ab*p $x01 
220C/01 $aeja 
244Z/01 $#Schlesien $#Schlesien $#Herzogtum Schlesien $#Herzogtum Schlesien Schlesien $#Provinz Schlesien $#Śla̜sk $#Slezsko $#Silesia $74052678-1 $8--Tg1--Schlesien $x02 $9085146781 
247C/01 $82080>Marburg/Lahn, Herder-Institut, Forschungsbibliothek, Bibliographieportal $9336309341
LEADER 00000caa a22000002c 4500
001 472691074
003 DE-603
005 20201123224342.0
007 cr||||||||||||
008 201121s2007 xx |||| o| u00||u|pol c
024 7 |a 10.11588/diglit.35031.39  |2 doi 
024 7 |a urn:nbn:de:bsz:16-diglit-350312  |2 urn 
035 |a (DE-599)HEB472691074 
040 |a DE-603  |b ger  |c DE-603  |d DE-603 
041 |a pol 
084 |a KUNST  |q DE-16  |2 fid 
100 1 |a Kliś, Zdzisław  |d 1955-2009  |0 (DE-603)222228180  |0 (DE-588)140952209  |2 gnd 
245 0 0 |a [Rezension von: Aleksander Jankowski, Średniowieczne malarstwo ścienne na Śla̜sku u progu reformacji]  |c ks. Zdzisław Kliś 
264 1 |a Warszawa  |b Instytut Sztuki PAN  |c 2007 
336 |a Text  |b txt  |2 rdacontent 
337 |a Computermedien  |b c  |2 rdamedia 
338 |a Online-Ressource  |b cr  |2 rdacarrier 
500 |a Elektronische Reproduktion der Druckausgabe 
500 |a Enthalten in: 69(2007), Seite 329-332 
530 |a Online-Ausgabe 
533 |b Heidelberg  |c Universitätsbibliothek Heidelberg  |d 2017  |7 s2017uuuuxx u| 
655 7 |a Rezension  |2 gnd-content  |0 (DE-588)4049712-4  |0 (DE-603)085138568 
773 0 8 |i Enthalten in  |t Biuletyn historii sztuki  |d Warszawa : [Verlag nicht ermittelbar], 1950-2018  |o 10.11588/diglit.34474  |o urn:nbn:de:bsz:16-diglit-344741  |w (DE-603)403709342  |w (DE-600)2895336-8 
787 0 8 |i Rezension von  |a Jankowski, Aleksander  |t Średniowieczne malarstwo ścienne na Śla̜sku u progu reformacji  |d Bydgoszcz : Wydawn. Uniwersytetu Kazimierza Wielkoego w Bydgoszczy, 2005  |h 443 S  |z 8370965687 
856 |u https://digi.ub.uni-heidelberg.de/diglit/bhs2007/0337  |x Verlag 
924 1 |9 603  |a (DE-603)1131051866  |b DE-603  |c HES  |d d 
924 1 |9 2080  |a (DE-603)1294087916  |b DE-2080  |c HES  |d d  |g /